| 000 | 00640nai a2200181Ia 4500 | ||
|---|---|---|---|
| 003 | IN-BaIIA | ||
| 008 | 211028c9999 xx s 000 0 eng d | ||
| 022 | _a8756-2324 (Print) | ||
| 040 | _cIIA Library | ||
| 245 | 0 |
_aAT&T Technical Journal _h[eJournal] |
|
| 260 |
_aNew Jersey, USA _bNokia Bell Labs |
||
| 310 | _aBimonthly | ||
| 362 | _a64(1); 1985 - 75(2); 1996 | ||
| 521 | _bSubscribed through National Knowledge Resource Consortium (NKRC) | ||
| 650 |
_aCommunication, Networking and Broadcast Technologies _948787 |
||
| 856 |
_uhttps://ieeexplore.ieee.org/servlet/opac?punumber=6731003 _yClick Here to Access eJournal |
||
| 942 | _cEJ | ||
| 999 |
_c34069 _d34069 |
||